Senza figli. (Record n. 217051)

Dettagli MARC
000 -LEADER
campo di controllo lung. fissa 01389nam a2200229Ia 4500
001 - Numero di controllo
campo di controllo a2112-53253
003 - Identificatore del numero di controllo
campo di controllo IT-MiCISF
005 - Data e orario dell'ultima transazione
campo di controllo 20240531104412.0
008 - Elementi di lunghezza fissa--Informazione generale
campo di controllo lung. fissa 161014s9999||||xx |||||||||||||| ||und||
040 ## - Fonte della catalogazione
Agenzia catalografica originale IT-MiCISF
Agenzia che fa la trascrizione IT-MiCISF
041 ## - Codice di lingua
Codice di lingua del testo/traccia sonora o titolo separato it
100 ## - Accesso principale -- nome di persona
Nome di persona Demetrio Duccio, Rigotti Francesca
9 (RLIN) 60758
245 #0 - Formulazione del titolo
Titolo Senza figli.
Complemento del titolo Una condizione umana
260 ## - Pubblicazione, distribuzione, ecc. (stampa)
Luogo di pubblicazione, distribuzione, ecc. Milano,
Nome dell'editore, distributore, ecc. Raffaello Cortina,
Data di pubblicazione, distribuzione, ecc. 2012
300 ## - Descrizione fisica
Estensione pp. 268
500 ## - Nota generale
Nota generale genitorialità, cultura, filosofia, coppia-senza-figli, nido-vuoto, sterilità, nascita, maternità, paternità
520 ## - Riassunto, ecc.
Nota di riassunto, ecc. Gli AA., un uomo-non padre e una donna-madre, sono accomunati da un "non più" che vale per chi i figli non li ha più presso di sé e per chi di figli non ne ha avuti e non ne potrà o vorrà più avere. Queste due condizioni convergono in un "senza figli" che è uno dei tratti caratteristici delle società contemporanee, e che costituisce il tema di riflessione di questo volume. Con intelligenza e senza indicare facili soluzioni, gli autori indagano per la prima volta la condizione umana definita dall'essere "senza figli", insistendo sulla specificità e anche sul dolore provocato da tale stato, in un momento in cui si parla soltanto di legami non rescissi, di genitorialità permanente, di autonomia mancata.
650 ## - Accesso aggiunto di soggetto--termine topico
Termine topico o nome geografico come accesso genitorialità
654 ## - Accesso aggiunto di soggetto--termini topici faccettati
Termine principale saggio
942 ## - Dati aggiuntivi (Koha)
Tipo copia default (Koha) LIBRO
Fonte della classificazione o dello schema di collocazione (segnatura) Dewey Decimal Classification
999 ## - Sys Number locale (Koha)
Koha Dewey Subclass [OBSOLETE] si
Dati di copia
Ritirato (status) Perso (status) Danneggiato (status) Non per il presito Biblioteca proprietaria Biblioteca in cui si trova Data d'acquisizione Totale prestiti Collocazione Data ultima operazione Prezzo in vigore dal Tipo copia default (Koha) Nota pubblica
    Buone Condizioni Not For Loan CISF - Milano CISF - Milano 14/10/2016   a2112-53253 14/10/2016 14/10/2016 LIBRO Data import 15.10.2016 / by Epidotti, Vaglietti
CREDITS: SOCIETA' SAN PAOLO Via A.Severo, 58 - ROMA (RM) & PERIODICI SAN PAOLO SRL Via Giotto, 36 MILANO & CISF Via Giotto, 36 MILANO & EDIZIONI SAN PAOLO SRL,  Piazza Soncino, 5 CINISELLO BALSAMO (MI) -- ITALY